01478cam a22004337a 4500003000500000005001700005008004100022010001000063011001000073020001500083035001000098040000900108082002000117110000800137245009500145260002400240300001300264410000800277490004000285590004100325590004100366590004100407590004200448650004100490650003100531650002800562700003300590700002700623700003200650700003400682810000800716830004700724901000700771905002300778942001000801949007800811999001700889952013800906CHAP20220817043536.0990528d1997 it rn 00110 eng d a78043 a79015 a9251041105 a89137 cCHAP04a639.2bF3 v.3732 aFAO10aAquatic animal quarantine and health certification in Asiac/by John Humphrey [and others] aRome :bFAO,c1997. a153 p. :2 aFAO 0aDocumento técnico de pescav; 373 aBATCH-UPDb10c20130110lUCH01h0518 aBATCH-UPDb10c20130410lUCH01h0157 aBATCH-UPDb10c20130914lUCH01h0414 aCONVERSIONb10c20130109lUCH01h134314aCuarentena veterinariaxAsia.92993514aFauna marinaxAsia.93984414aSanidad animal.91022210 aArthur, James Richard.977660 aHumphrey, John.9568920 aPhillips, Michael J.9878260 aSubasinghe, Rohana P.91101370 aFAO00aDocumento técnico de pescav; 373933242 aBK aLilia Sánchez G. cLIBRO a639.2 F3 v.373bBCcFAOd33724000725214eFAO1h95466i89137kDonaciØnsb c78043d78043 00104053708FAOaBCbBCcPP_FAOd2019-12-31fLIBROi127l0o639.2 F3 v.373p33724000725214r2019-12-31 00:00:00w2019-12-31yLIBRO